00752nam 22002053 4500001000700000021001600007090001100023100004100034200008900075210005700164215004000221225002000261606010100281675001600382700003700398801001800435830001000453990001100463995007200474202155 aPTb2621/83 a202155 a20260513d u||y0pory50 ba aPensar a dança: a reflexão estética de Mallarmé a Cocteau fJosé Sasportes a[Lisboa]cImprensa Nacional-Casa da Moedadimp. 1983 a176, [8] p.cil. ; brochadod24 cm  aArte e Artistas 914416aDivertimentos públicos. Espetáculos. Cinema.Teatro. Dança. Jogos de mesa. Desportos a79vPTzpor 916810aSasportesbJosé f1937- aPTbBMMNgRPC cVanda cLIVROS 002052026-05-13931876bBMMNf31596k79 SAS|DEPo0rLIVROSsCompra